header

The politics of South American boundaries (Record no. 22551)

MARC details
000 -LEADER
fixed length control field 01165nam a2200301 a 4500
082 04 - DEWEY DECIMAL CLASSIFICATION NUMBER
Classification number 320.1/2
100 1# - MAIN ENTRY--AUTHOR NAME
Personal name Parodi, Carlos A.
245 14 - TITLE STATEMENT
Title The politics of South American boundaries
260 ## - PUBLICATION, DISTRIBUTION, ETC. (IMPRINT)
Place of publication Westport, Conn. :
Name of publisher Praeger,
Year of publication 2002.
300 ## - PHYSICAL DESCRIPTION
Number of Pages xv, 156 p.
856 40 - ELECTRONIC LOCATION AND ACCESS
Uniform Resource Identifier http://site.ebrary.com/lib/rucke/Doc?id=10023126

No items available.

© 2026 Rongo University
Contact us: librarian | system librarian | Rongo university